Juraj Grebáč: Naftárske podnikanie zákonite podlieha určitým výkyvom

Rozhovor s generálnym riaditeľom Nafta Gbely Ing. Jurajom Grebáčom. Ekonomická situácia vo firme Nafta Gbely. Akcionári firmy. Základné činnosti - vyhľadávanie, ťažba uhľovodíkov, výstavba a prevádzkovanie podzemných zásobníkov plynu. Produkcia ropy a objem predaja. Podnikanie a obchodovanie s plyno...

Descrizione completa

Salvato in:
Dettagli Bibliografici
Autore principale: Grebáč, Juraj
Altri autori: Rabayová, Zdena
Natura: Libro
Lingua:slovacco
Soggetti:
Tags: Aggiungi Tag
Nessun Tag, puoi essere il primo ad aggiungerne!!

MARC

LEADER 00000nam a2200000 4500
001 r030321
005 20230921083510.0
041 0 |a slo 
044 |a SK 
245 1 0 |a Juraj Grebáč: Naftárske podnikanie zákonite podlieha určitým výkyvom  |c Juraj Grebáč, Zdena Rabayová 
520 |a Rozhovor s generálnym riaditeľom Nafta Gbely Ing. Jurajom Grebáčom. Ekonomická situácia vo firme Nafta Gbely. Akcionári firmy. Základné činnosti - vyhľadávanie, ťažba uhľovodíkov, výstavba a prevádzkovanie podzemných zásobníkov plynu. Produkcia ropy a objem predaja. Podnikanie a obchodovanie s plynom. Budovanie zásobníkov plynu. 
610 2 0 |a Nafta, a.s. Gbely 
610 2 0 |a manažment 
610 2 0 |a akcionári 
610 2 0 |a podnikanie 
610 2 0 |a činnosť hospodárska 
610 2 0 |a plyn zemný 
610 2 0 |a ťažba surovín 
610 2 0 |a prieskum geologický 
610 2 0 |a priemysel plynárenský 
100 1 |a Grebáč, Juraj 
700 1 |a Rabayová, Zdena